Bus stops of route 170 in Hong Kong 香港170號巴士 - Statistics

General Stats
  • This quiz has been taken 5 times
  • The average score is 14 of 30
Answer Stats
Hint Answer % Correct
新界 沙田站巴士總站, Sha Tin Station Bus Terminus
100%
華富(中)巴士總站, Wah Fu Central Bus Terminus
100%
香港仔隧道巴士轉乘站, Aberdeen Tunnel
80%
紅磡海底隧道轉車站(B1), Cross Harbour Tunnel BBI
80%
港島 景隆街, Cannon Street
80%
秦石邨, Chun Shek Estate
80%
獅子山隧道, Lion Rock Tunnel
80%
* 海洋公園, Ocean Park
80%
愛民邨, Oi Man Estate
80%
車公廟, Che Kung Temple
60%
九龍塘站, Kowloon Tong Station
60%
逸港居, Ocean Court
60%
華富商場, Wah Fu Commerical Complex
60%
九龍醫院, Kowloon Hospital
40%
南朗山道, Nam Long Shan Road
40%
田灣街, Tin Wan Street
40%
世界花園, Worldwide Garden
40%
香港仔海濱公園, Aberdeen Promenade
20%
香港仔魚類批發市場, Aberdeen Wholesale Fish Market
20%
醫療輔助隊總部, Auxillary Medical Service
20%
大圍轉車站-新翠邨(B3), Tai Wai BBI- Sun Chui Estate
20%
田園閣, Greenfield Court
20%
九龍 聯合道, Junction Road
20%
博康邨, Pok Hong Estate
20%
救世軍田家炳學校, Tin Ka Ping Primary School
20%
勝利工廠大廈, Victory Factory Building
20%
華富邨華清樓, Wah Ching House
20%
華富邨華樂樓, Wah Lok House
20%
龍濤花園, La Villa
0%
香港仔運動場, Wong Chuk hang Recreation Ground
0%
No matching quizzes found
Score Distribution
Percent of People with Each Score
Percentile by Number Answered
Your Score History
You have not taken this quiz